| 000 | 00866nam a2200265 a 4500 | ||
|---|---|---|---|
| 008 | |||
| 020 | _a1779050771 (pPaperback) | ||
| 040 |
_aNUST _cNUST |
||
| 049 | _aMAIN | ||
| 090 | 0 | 0 |
_aKQC524 _bSTA |
| 245 | 0 | 0 |
_aState and constitutionalism in Sourthen Africa / _cedited by Owen Sichone |
| 260 |
_aHarare : _bSAPES Trust, _c1991 |
||
| 300 |
_aiii, 90 p. ; _c22 cm |
||
| 440 | 0 | _aSouthern Africa political economy series | |
| 500 | _aIncludes index | ||
| 504 | _aIncludes bibliographical references | ||
| 650 | 0 |
_aConstitutional history _zAfrica _xCongresses |
|
| 650 | 0 |
_aDemocracy _zAfrica _xCongresses |
|
| 651 | 0 |
_aAfrica _xPolitics and government _y1960- _xCongresses |
|
| 700 | _aSichone, Owen | ||
| 907 |
_a.b10136010 _b06-04-22 _c14-09-04 |
||
| 003 | |||
| 005 | 20230123133825.0 | ||
| 942 |
_cBOOKS _kKQC524 _mSTA |
||
| 999 |
_c155248 _d155248 |
||